| 000 | 00472cam a2200205ua 4500 | ||
|---|---|---|---|
| 041 |
_aeng _h |
||
| 082 |
_a658.31244 _bMAI/PR |
||
| 100 |
_aMaier, Norman R.F . _95933 |
||
| 245 | _aPrinciples of human relations | ||
| 250 |
_a6 / _b. |
||
| 260 |
_aNew York : _bJohn Wiley & Sons , _c1959. |
||
| 300 | _a474 ; . | ||
| 504 | _a | ||
| 650 |
_aIndustrial organisation _95934 |
||
| 650 |
_aManagement _92110 |
||
| 942 | _cBK | ||
| 999 |
_c26 _d26 |
||
| 003 | @ | ||
| 003 | OSt | ||